Rock Songs - Statistics

General Stats
  • This quiz has been taken 583 times
  • The average score is 11 of 15
Answer Stats
Song Artist/Band % Correct
Highway to Hell AC/DC
98%
Smell Like Teen Spirit Nirvana
98%
Dream On Aerosmith
83%
Zombie The Cranberries
81%
Seven Nation Army The White Stripes
80%
Welcome to the Jungle Guns N' Roses
78%
Jailhouse Rock Elvis Presley
72%
House of the Rising Sun The Animals
72%
Sultans of Swing Dire Straits
70%
Song 2 Blur
66%
Call Me Blondie
61%
Johnny Be Goode Chuck Berry
58%
While My Guitar Gently Weeps The Beatles
51%
Like A Rolling Stone Bob Dylan
48%
My Generation The Who
43%
No matching quizzes found
Score Distribution
Percent of People with Each Score
Percentile by Number Answered
Your Score History
You have not taken this quiz